000
00258nam a2200097Ia 4500
005
20251222114415.0
008
251222s1900||||xx |||||||||||||| ||spa||
082
_a
DVD0070/F49/2004/Ej.2
245
0
_a
Tu marcheras sur l'eau:Caminando sobre las aguas
942
_c
DVD
999
_c
2188
_d
2188